Biotechnology : Science, Engineering, and Ethical Challenges for the 21 st Century (Record no. 75705)

MARC details
000 -LEADER
fixed length control field 00457pam a2200157 a 4500
020 ## - INTERNATIONAL STANDARD BOOK NUMBER
International Standard Book Number 9780309052825
Terms of availability
041 ## - LANGUAGE CODE
Language code of text/sound track or separate title eng
082 ## - DEWEY DECIMAL CLASSIFICATION NUMBER
Classification number 660.62
Item number RUD
100 ## - MAIN ENTRY--PERSONAL NAME
Personal name Rudolph, F B.
245 ## - TITLE STATEMENT
Title Biotechnology : Science, Engineering, and Ethical Challenges for the 21 st Century
Medium Textual Documents
260 ## - PUBLICATION, DISTRIBUTION, ETC.
Place of publication, distribution, etc. Washington:
Name of publisher, distributor, etc. Joseph Henry Press,
Date of publication, distribution, etc. 1996.
300 ## - PHYSICAL DESCRIPTION
Extent 278.
653 ## - INDEX TERM--UNCONTROLLED
Uncontrolled term Biotechnology/Bioengineering
700 ## - ADDED ENTRY--PERSONAL NAME
Personal name Mcintire, L V.
930 ## - EQUIVALENCE OR CROSS-REFERENCE-UNIFORM TITLE HEADING [LOCAL, CANADA]
Uniform title 2422
Holdings
Withdrawn status Lost status Damaged status Not for loan Collection Home library Current library Date acquired Source of acquisition Cost, normal purchase price Total Checkouts Full call number Barcode Date last seen Copy number Price effective from Koha item type
          Poona College of Pharmacy, Pune Poona College of Pharmacy, Pune 08/10/1998 Researchco Books & Periodicals Pvt. Ltd. 1827.00   660.62 RUD PCP-HRD-240 24/02/2023 1 24/02/2023 Book